00588nam a22001817a 450000500170000001000150001702000260003203500130005803700130007108200130008410000240009724500930012126000380021427000520025230000240030450000500032870000280037820131218111440.0 aENG-108858 a9789383158010c895.00 aEN-92391 bDBAD/PUB a004.6782 aSwain, Chandrakanta aCloud computing in digital library /cby Chandrakanta Swain [and] Pradip Kumar Nikhandia aNew DelhibS.K. Book Agencyc2013 a5A/12, Ansari Road DaryaganjbNew Delhie110002 aix,270p. c22cm(Hb) aIncludes bibliographical references and index aNikhandia, Pradip Kumar